[Event "DVM U20 2019"]
[Site "Braunschweig GER"]
[Date "2019.12.30"]
[Round "7"]
[White "van Haaren, Laurens Jan"]
[Black "Sequeira, Titus"]
[Result "0-1"]
[Termination "normal"]
[Board "8.6"]
[WhiteElo "1482"]
[BlackElo "1472"]
[WhiteClock "00:01:48"]
[BlackClock "00:11:00"]
[WhiteTeam "Schachklub Turm Kleve 1974 e. V."]
[BlackTeam "SG Trier"]
[PlyCount "82"]
[WhiteFideId "12976741"]
[BlackFideId "16262522"]
[EventCountry "GER"]
[EventRounds "7"]
[EventType "team-swiss"]
[EventDate "2019.12.26"]

1. c4 {[%clk 1:30:51]} c5 {[%clk 1:30:51]} 2. g3 {[%clk 1:30:57]} Nc6 {[%clk
1:31:08]} 3. Bg2 {[%clk 1:31:18]} g6 {[%clk 1:31:24]} 4. e4 {[%clk 1:30:21]}
Bg7 {[%clk 1:30:37]} 5. Ne2 {[%clk 1:30:12]} e5 {[%clk 1:30:34]} 6. O-O {[%clk
1:30:16]} Nge7 {[%clk 1:28:24]} 7. Nbc3 {[%clk 1:28:20]} a6 {[%clk 1:28:39]} 8.
d3 {[%clk 1:28:23]} O-O {[%clk 1:28:34]} 9. h3 {[%clk 1:25:41]} d6 {[%clk
1:27:51]} 10. Kh2 {[%clk 1:25:59]} Bd7 {[%clk 1:22:21]} 11. f4 {[%clk 1:24:10]}
Qc8 {[%clk 1:18:28]} 12. Qc2 {[%clk 1:16:10]} Nb4 13. Qd2 {[%clk 1:15:10]} f5
{[%clk 1:11:36]} 14. a3 {[%clk 1:11:19]} Nbc6 {[%clk 1:11:35]} 15. Qc2 {[%clk
1:11:09]} Nd8 {[%clk 1:06:06]} 16. Rb1 {[%clk 1:03:07]} b5 {[%clk 0:58:52]} 17.
exf5 {[%clk 1:02:54]} bxc4 {[%clk 0:50:54]} 18. Bxa8 {[%clk 0:59:09]} Qxa8
{[%clk 0:50:28]} 19. fxg6 {[%clk 0:24:54]} Bf5 {[%clk 0:45:51]} 20. gxh7+
{[%clk 0:25:09]} Bxh7 {[%clk 0:45:44]} 21. Qd2 {[%clk 0:24:33]} cxd3 {[%clk
0:43:18]} 22. Ng1 {[%clk 0:23:15]} Ne6 {[%clk 0:38:16]} 23. Qg2 {[%clk
0:19:12]} e4 {[%clk 0:35:25]} 24. Bd2 {[%clk 0:16:17]} Nd4 {[%clk 0:30:55]} 25.
Rbe1 {[%clk 0:13:31]} d5 {[%clk 0:29:55]} 26. Rd1 {[%clk 0:11:51]} Nc2 {[%clk
0:29:11]} 27. h4 {[%clk 0:10:51]} e3 {[%clk 0:28:21]} 28. Bc1 {[%clk 0:09:05]}
Bxc3 {[%clk 0:23:59]} 29. bxc3 {[%clk 0:08:15]} Be4 {[%clk 0:23:02]} 30. Qh3
{[%clk 0:08:08]} e2 {[%clk 0:22:50]} 31. Qe6+ {[%clk 0:06:00]} Rf7 {[%clk
0:22:15]} 32. Nf3 {[%clk 0:04:20]} exd1=Q {[%clk 0:20:52]} 33. Rxd1 {[%clk
0:03:45]} Bxf3 {[%clk 0:20:00]} 34. Rxd3 {[%clk 0:04:06]} Be4 {[%clk 0:19:10]}
35. Rd1 {[%clk 0:03:26]} Qc6 {[%clk 0:17:35]} 36. Qg4+ {[%clk 0:03:23]} Qg6
{[%clk 0:17:41]} 37. Qe2 {[%clk 0:03:31]} Rg7 {[%clk 0:17:18]} 38. Rg1 {[%clk
0:03:55]} Nf5 {[%clk 0:16:44]} 39. Qf2 {[%clk 0:04:04]} Qg4 {[%clk 0:11:40]}
40. a4 {[%clk 0:01:52]} Nxg3 {[%clk 0:10:44]} 41. Rxg3 {[%clk 0:01:48]} Qxh4+
{[%clk 0:11:00]} 0-1